Mind regained/ (Record no. 13266)

000 -LEADER
fixed length control field 00878cam a2200253 a 4500
001 - CONTROL NUMBER
control field 4978651
005 - DATE AND TIME OF LATEST TRANSACTION
control field 20181016115935.0
008 - FIXED-LENGTH DATA ELEMENTS--GENERAL INFORMATION
fixed length control field 980116s1998 nyu b 001 0 eng
010 ## - LIBRARY OF CONGRESS CONTROL NUMBER
LC control number 98009482
020 ## - INTERNATIONAL STANDARD BOOK NUMBER
International Standard Book Number 0801435315 (hardcover : alk. paper)
050 00 - LIBRARY OF CONGRESS CALL NUMBER
Classification number BD418.3.P65 1998
100 1# - MAIN ENTRY--PERSONAL NAME
Personal name Pols, Edward.
245 10 - TITLE STATEMENT
Title Mind regained/
Statement of responsibility, etc. Edward Pols.
260 ## - PUBLICATION, DISTRIBUTION, ETC. (IMPRINT)
Place of publication, distribution, etc. Ithaca, N.Y. :
Name of publisher, distributor, etc. Cornell University Press,
Date of publication, distribution, etc. c1998.
300 ## - PHYSICAL DESCRIPTION
Extent x, 151 p. ;
Dimensions 24 cm.
504 ## - BIBLIOGRAPHY, ETC. NOTE
Bibliography, etc Includes bibliographical references (p. [139]-145) and index.
650 #0 - SUBJECT ADDED ENTRY--TOPICAL TERM
Topical term or geographic name as entry element Philosophy of mind.
650 #0 - SUBJECT ADDED ENTRY--TOPICAL TERM
Topical term or geographic name as entry element Causation.
906 ## - LOCAL DATA ELEMENT F, LDF (RLIN)
a 7
b cbc
c orignew
d 1
e ocip
f 19
g y-gencatlg
942 ## - ADDED ENTRY ELEMENTS (KOHA)
Source of classification or shelving scheme
Koha item type Hard Covered Materials
Classification part BD418.3.P65 1998
Koha issues (borrowed), all copies 1
Holdings
Withdrawn status Lost status Source of classification or shelving scheme Damaged status Not for loan Home library Current library Shelving location Date acquired Source of acquisition Total Checkouts Full call number Barcode Date last seen Date last checked out Price effective from Koha item type
          MACHAKOS UNIVERSITY LIBRARY MACHAKOS UNIVERSITY LIBRARY Open shelf 10/08/2016 Donation (BFA) 6 BD418.3.P65 1998 24480 01/11/2023 17/10/2023 10/08/2016 Hard Covered Materials
© Machakos University Library, Along The Highway, Machakos Wote Rd, Machakos, Kenya P.O. Box 136 - 90100 Machakos - Kenya

Tel: ( +254 ) 723 805829 OR Fax : 044-20353 OR Email: library@mksu.ac.ke